000
00243nam a2200109Ia 4500
005
20251222114353.0
008
251222s1900||||xx |||||||||||||| ||spa||
082
_a
DVD0080/A87/1982
245
0
_a
Gandhi
264
_b
Goldcrest Films
942
_c
DVD
999
_c
1340
_d
1340